000
00303nam a22001097a 4500
050
_a
QK495
_b
.064
245
_a
The botanical review.
_b
Special Orchid Conservation Issue
260
_a
New York Botanical Garden
_b
[Bronx,
300
_a
294
650
_v
Journal, magazine : Periodical : English
942
_c
GEN
999
_c
1627
_d
1627